Siirry sisältöön

Учебно-методическое пособие по прохождению учебной практики по получению первичных профессиональных умений и навыков

Учебная практика по получению первичных профессиональных умений и навыков способствует развитию исследовательского мышления обучающихся в области финансов. Учебно-методическое пособие определяет понятие научно-исследовательской работы практикантов, порядок ее организации и руководства, раскрывает со...

Täydet tiedot

Tallennettuna:
Bibliografiset tiedot
Aineistotyyppi: Книга
Kieli:Russian
Julkaistu: Орел ОрелГАУ 2016
Linkit:https://e.lanbook.com/book/106980
https://e.lanbook.com/img/cover/book/106980.jpg
Tagit: Lisää tagi
Ei tageja, Lisää ensimmäinen tagi!
LEADER 02761nam0a2200241 i 4500
001 106980
003 RuSpLAN
005 20221220174013.0
008 221220s2016 ru gs 000 0 rus
040 |a RuSpLAN 
041 0 |a rus 
044 |a ru 
080 |a 336:339.923 (075.8) 
084 |a 65.261.91л73  |2 rubbk 
245 0 0 |a Учебно-методическое пособие по прохождению учебной практики по получению первичных профессиональных умений и навыков 
260 |a Орел  |b ОрелГАУ  |c 2016 
300 |a 37 с. 
504 |a Библиогр.: доступна в карточке книги, на сайте ЭБС Лань 
520 8 |a Учебная практика по получению первичных профессиональных умений и навыков способствует развитию исследовательского мышления обучающихся в области финансов. Учебно-методическое пособие определяет понятие научно-исследовательской работы практикантов, порядок ее организации и руководства, раскрывает содержание и структуру работы, требования к отчетной документации. Учебная практика по получению первичных профессиональных умений и навыков относится к разделу Б2 «Практики» учебного плана подготовки магистров. Учебно-методическое пособие по прохождению Учебной практики по получению первичных профессиональных умений и навыков предназначено для обучающихся по направлению 38.04.01 «Экономика» (магистерская программа Финансы) ФГБОУ ВО «Орловский государственный аграрный университет». Программа Практики составлена на основании Федерального государственного образовательного стандарта высшего образования по направлению 38.04.01 «Экономика». 
521 8 |a Книга из коллекции ОрелГАУ - Экономика и менеджмент 
856 4 |u https://e.lanbook.com/book/106980 
856 4 8 |u https://e.lanbook.com/img/cover/book/106980.jpg 
953 |a https://e.lanbook.com/img/cover/book/106980.jpg